000 00918cad a22002055a 4500
001 E152483
008 110314s2011 xxk f s000 0 eng d
020 _a9870755982547
035 _a(Sirsi) u152483
041 0 _aeng
110 2 _aScotland
_bScottish Government
_95344
245 0 0 _aScotland's marine atlas
_binformation for the national marine plan
_h[electronic resource]
260 _aEdinburgh
_bScottish Government
_c2011
520 _aBrings together a variety of information on the marine environment, as a precursor to the development of a national marine plan which will cover Scottish waters out to 200 nautical miles.
590 _aKA
651 4 _aScotland
_y1999-
690 _aPROPERTY-RURAL AND NATURAL ASSETS-MARINE RESOURCES-MARINE RESOURCE MANAGEMENT
856 4 0 _uhttps://www.scotland.gov.uk/Publications/2011/03/09150354/0
_zView the item free of charge at www.scotland.gov.uk
942 _n0
999 _c112068
_d112068